000 00694nam a2200205Ii 4500
003 JO-AjNU
008 230605s9999||||xx |||||||||||||| ||und||
040 _aJO-AjNU
_bara
_erda
_cJO-AjNU
041 _aara
050 1 4 _aCB481 .G8312 1985
100 3 _aغيتون، جان؛ الايوبي، الهيثم مترجم، ديري، اكرم مترجم,
_eauthor
_97808
245 0 0 _aالفكر والحرب
250 _aط2
264 3 1 _aبيروت: المؤسسة العربية للدراسات والنشر، 1985
300 _a151ص
336 _atext
_btxt
_2rdacontent
337 _aunmediated
_bn
_2rdamedia
338 _avolume
_bnc
_2rdacarrier
650 4 _aإستراتيجية.
_97809
999 _aA467
_c4035
_d4035